000 00997nam a2200289Ia 4500
005 20220317000410.0
008 141031s2014 ag a0 sga d s
020 _a9789871217540
082 0 4 _a551.2
_bS35t
100 1 _aSimonotti, Fernando
_d1968-
245 1 0 _aTerremotos y volcanes para los más curiosos
_cFernando Simonotti y Grabriela Baby ; ilustraciones de Javier Basile
250 _aPrimera edición
300 _a59 páginas
_bilustraciones a color
_c21 cm
490 _aPreguntas que ponen los pelos de punta
650 1 4 _2LEMB
_aVolcanes
650 1 4 _2LEMB
_aTerremotos
650 1 4 _2LEMB
_aGeografía
700 1 _aBaby, Gabriela
_914948
700 1 _aBasile, Javier
_eilustrador
_999704
700 1 _aBaredes, Carla
_eeditor
_999706
942 _2ddc
_cBK
264 _aCiudad Autónoma de Buenos Aires
_bIamiqué
_c2014
336 _atexto
_btxt
_2rdacontent
337 _asin mediación
_bn
_2rdamedia
338 _avolumen
_bnc
_2rdacarrier
040 _aCO-BoRNBP
_bspa
_erda
_cCO-BoRNBP
999 _c3930
_d3930